00912nam a2200181Ia 4500008004100000020001800041082002100059110006700080245011900147260005600266300001900322500002700341650009700368710005800465952009500523952009500618999001700713120622s9999 xx 000 0 und d a970-712-171-8 a343.04072 M611ic aMéxico. Tribunal Federal de Justicia Fiscal y Administrativa aLa interpretación constitucional de la Suprema Corte de Justicia de la Nación en materia tributaria, 1986-2000 aMéxico : Suprema Corte de Justicia de la Nación a2 v. (1400 p.) aIncluye índices, v.2 a1. DERECHO FISCAL - LEGISLACION - MEXICO \ 2. RECAUDACION DE IMPUETOS - LEGISLACION - MEXICO aMéxico. Suprema Corte de Justicia de la NaciónÌ 00104070a01b01d2007-01-25l0o343.04072 M611ICp01 009120r2012-06-24w2012-06-24yLB 00104070a01b01d2007-01-25l0o343.04072 M611ICp01 009121r2012-06-24w2012-06-24yLB c59241d59241